| 000 | 00668nam a2200193 a 4500 | ||
|---|---|---|---|
| 005 | 20140412111250.0 | ||
| 008 | 030411s19uu xx 00 eng d | ||
| 020 | _a0-06-446702-3 | ||
| 050 |
_aTR(GS 513.2'11 _bM874 1996 |
||
| 100 | _aMurphy, Stuart | ||
| 245 |
_aReady, set, hop! / _cby Stuart J. Murphy ; illustrated by Jon Buller. |
||
| 260 |
_aNew York : _bHarperCollins Publishers, Inc, _c1996. |
||
| 300 | _a33 p. ; ill. | ||
| 440 | _aMathStart | ||
| 520 | _aExplains equation building as two frogs count their hops to a rock, a log, and a pond. | ||
| 650 | _aAddition--Juvenile literature | ||
| 650 | _aSubtraction--Juvenile literature | ||
| 999 |
_c103088 _d103088 |
||